Anotaė̳s ̉reforma trabalhista (Lei n. 13.467/2017)

Detalles Bibliográficos
Autor principal: Sv̀io Zainaghi, Domingo
Otros Autores: Krenek Zainaghi, Luis Guilherme
Formato: eBook
Lenguaje:portugués
Publicado: San Pablo: LTR, 2018
Materias:
Acceso en línea:Acceso restringido

MARC

LEADER 00000nam a22000007a 4500
005 20181230120939.0
007 cr|||| |||
008 181230s2018 br |||||s|||| 00||0 por d
020 |a 978-85-361-9559-9 
035 |a 22659 
040 |a vLex 
090 |c 8409  |d 8409 
100 1 |a Sv̀io Zainaghi, Domingo 
245 1 0 |a Anotaė̳s ̉reforma trabalhista (Lei n. 13.467/2017)  |h [Recurso electrn̤ico] /  |c Domingo Sv̀io Zainaghi, Luis Guilherme Krenek Zainaghi 
256 |a Servicio en ln̕ea 
260 |a San Pablo:  |b LTR,  |c 2018 
300 |a 1 recurso electrn̤ico 
506 1 |a Disponible solo en los productos indicados  |d vLex Global  |d vLex Global (Academic Edition, excluding Law Schools)  |d vLex Global (U.S. Academic Edition, Law Schools)  |d vLex Global (U.S. Academic Edition, excluding Law Schools)  |d vLex Global (Academic Edition, Law Schools) 
650 0 4 |a Derecho Laboral y Seguridad Social  |z Brasil 
700 1 |a Krenek Zainaghi, Luis Guilherme 
740 0 |a vLex Libros (Servicio en ln̕ea) 
856 4 0 |u http://vlex.com/source/anota-es-reforma-trabalhista-lei-n-134672017-22659  |z Acceso restringido 
942 |c BOOK 
999 0 |a Labor law and social security